| 000 | 00367nam a22001457a 4500 | ||
|---|---|---|---|
| 008 | 160427b xxu||||| |||| 00| 0 eng d | ||
| 020 | _a0803611986 | ||
| 020 | _a9780803611986 | ||
| 020 | _a0803614713 | ||
| 020 | _a9780803614710 | ||
| 041 | _aeng | ||
| 080 | _a618.2 | ||
| 245 | 1 | 0 |
_aFundamentals of nursing: _cJudith M. Wilkinson; Karen Van Leuven; |
| 942 |
_2udc _cBK |
||
| 999 |
_c1632 _d1632 |
||